Celebrity Couples Character Match Up Quiz Stats

 Plays Quiz not verified by Sporcle

Support Sporcle.
Go Orange.
Score 0/20 Timer 05:00
0 Plays Today
% Correct
Dead Girl
71.4%
Ferris Bueller and the City
71.1%
The Office Wears Prada
66.8%
That '70s Guy
66%
Batman Re-Cheers
65.3%
Chicago Attraction
64.5%
Buffy the Scooby-Doo Slayer
64.3%
Borat: Wedding Crasher of America for Make Benefit Glorious Nation of Kazakhstan
64.1%
Frozen Run
63.2%
Arresting Nemo
62.3%
% Correct
The Fresh Prince of Madagascar
60.9%
Shameless Housewives
59.6%
Star Wars: Episode V - Ally McBeal Strikes Back
59.5%
A Different Aquaman
58.5%
Will & Recreation
55.1%
Bonnie & Beauty
45.6%
The Texas Troll Massacre
40.5%
Avengers: Battle Angel
39.5%
A Graduate is Born
38.7%
It's Always Boney in Philadelphia
25.5%

You're not logged in!

Compare scores with friends on all Sporcle quizzes.
OR
Log In

From the Vault

Click the Soccer Logos VII

by Noldeh

You could also try kicking them. It rhymes and also is thematic.
Remove Ads.
Support Sporcle.
Get the best of Sporcle when you Go Orange. This ad-free experience offers more features, more stats, and more fun while also helping to support Sporcle. Thank you for becoming a member.

Show Comments

Extras

Top Quizzes Today


Score Distribution

Your Account Isn't Verified!

In order to create a playlist on Sporcle, you need to verify the email address you used during registration. Go to your Sporcle Settings to finish the process.

Report this User

Report this user for behavior that violates our Community Guidelines.

Details: